000 00601nam a2200205 a 4500
001 BRCA_3787
005 20190320204426.0
008 141109s18771879sp-a######---#000-0#spa-#
041 _aspa
044 _asp
050 4 _aF1226
_b.Z35 1877
100 1 _aZamacois, Niceto de
_dm. 1886
_99868
245 1 0 _aHistoria de Mejico desde sus tiempos más remotos hasta nuestros días...
_cpor Niceto de Zamacois.
260 _aBarcelona : Méjico
_bJ. F. Parres y Comp.
_c1877-1879
300 _a2 v.
_bil.
_c23 cm.
500 _aB146
651 4 _aMéxico
_xHistoria
_9614
902 _aGFM
942 _2lcc
_cB
999 _c3516
_d3516